Sanat "Iltanuotiolla" - Statistics

Yleistilastot
  • Tätä visaa on pelattu 15 kertaa
  • Keskiarvotulos 45 / 79
Vastaustilastot
Vastaus % Oikein
ja
78%
ja
78%
ja
78%
ja
78%
ja
78%
metsä
78%
metsä
78%
metsä
78%
Tuli
78%
Tuli
78%
tuli
78%
Tuli
78%
illan
67%
illan
67%
illan
67%
kuiskailee
67%
kuiskailee
67%
kuiskailee
67%
meille
67%
meille
67%
meille
67%
nuotiossa
67%
nuotiossa
67%
nuotiossa
67%
räiskyy
67%
räiskyy
67%
räiskyy
67%
tummetessa
67%
tummetessa
67%
tummetessa
67%
hiljaa
56%
hiljaa
56%
hiljaa
56%
iltanuotion
56%
ken
56%
kohtaa
56%
leijailee
56%
leijailee
56%
leijailee
56%
luokse
56%
nyt
56%
nyt
56%
nyt
56%
retki
56%
sadun
56%
savu
56%
savu
56%
savu
56%
se
56%
haipuu
44%
Hämy
44%
Hetki
44%
hiiltyy
44%
hiipii
44%
johtaa
44%
jylhän
44%
kaipion
44%
kauneinkin
44%
kiirii
44%
korpiyön
44%
kuin
44%
leiriyön
44%
metsän
44%
nuoruuden
44%
ois
44%
ollut
44%
päättyy
44%
piirin
44%
pois
44%
polkumme
44%
saapuu
44%
säilyy
44%
sammuu
44%
sävel
44%
taakse
44%
taikahetki
44%
Tänne
44%
tuntee
44%
unta
44%
Ehtoja vastaavia visoja ei löytynyt
Tulosjakauma
Jokaisen tuloksen saaneiden osuus
Persentiili vastausten määrän mukaan
Tuloshistoriasi
Et ole pelannut tätä visaa